Régions des Miss France 2025 - Statistiques

Statistiques générales
  • Ce quiz a été pris 667 fois
  • Le résultat moyen est 22 sur 30
Statistiques - réponses
Initiale Région % Correct
G Guadeloupe
92%
N Nord-pas-de-Calais
92%
I Ile-de-France
90%
M Martinique
89%
B Bretagne
88%
A Alsace
83%
N Normandie
83%
C Corse
82%
G Guyane
81%
A Aquitaine
80%
A Auvergne
77%
B Bourgogne
77%
C Côte-d'Azur
77%
P Provence
76%
R Réunion
75%
R Rhône-Alpes
75%
T Tahiti
74%
F Franche-Comté
73%
M Mayotte
69%
P Picardie
67%
L Languedoc
65%
P Pays de la Loire
65%
L Lorraine
64%
C Centre-Val de Loire
63%
R Roussillon
61%
C Champagne-Ardenne
60%
L Limousin
60%
M Midi-Pyrénées
54%
P Poitou-Charente
54%
S Saint-Martin-Saint-Barthélemy
37%
Aucun quiz correspondant
Distribution des résultats
% des personnes avec chaque résultat
Percentile par nombre de réponses
Votre historique - résultats
Vous n’avez pas pris ce quiz